000 00280nam a2200109Ia 4500
008 190216s9999||||xx |||||||||||||| ||und||
100 _aYu S Lyalikov
245 0 _aTheoretical Foundations Of Modern Chemical Analysis
260 _bMir Publishers
650 _aChemistry
942 _cBK
999 _c2106
_d2106